| 000 | 00627nam a2200193 a 4500 | ||
|---|---|---|---|
| 001 | 000043669 | ||
| 005 | 20201002044917.0 | ||
| 008 | 140402s1971 sp 000 0 spa d | ||
| 020 | _a8474612853 | ||
| 040 |
_aDO-SdBNP _bspa _cBNPHU |
||
| 082 |
_axxxx _bxxxx |
||
| 100 | 1 |
_aPlutarco _952326 |
|
| 245 | 1 | 0 |
_aVidas paralelas / _cprólogo ; Joaquín del Moral Ruiz. |
| 260 |
_aMadrid : _bClub Internacional del Libro, _c1971. |
||
| 300 |
_a173 p. ; _c21 cm. |
||
| 490 | 1 | _aGrandes genios de la literatura universal | |
| 700 | 1 |
_aMoral Ruiz, Joaquín del _epról. _912826 |
|
| 830 | 0 |
_aGrandes genios de la literatura universal _97077 |
|
| 999 |
_c43158 _d43158 |
||